Plant ecology.

Gespeichert in:
Bibliographische Detailangaben
Hauptverfasser: Schulze, Ernst-Detlef (VerfasserIn), Beck, Erwin (VerfasserIn), Muller-Hohenstein, Klaus (VerfasserIn)
Format: Buch
Sprache:Spanisch
Veröffentlicht: Heidelberg, Germany: Springer, 2005.
Schlagworte:
Tags: Tag hinzufügen
Keine Tags, Fügen Sie den ersten Tag hinzu!

MARC

LEADER 00000cam a2200000 a 4500
001 UCC0088
003 CL-VaPUC
005 20231127140905.0
008 170721e20050000gw |||||||||||||||||spa|d
999 |c 369036  |d 369034 
020 |a 9783540265344 
040 |c Pontificia Universidad Católica de Valparaíso 
082 0 4 |a 581.7 SCH 2005  |2 21 
100 0 |a Schulze, Ernst-Detlef  |9 594002  |e author 
245 1 0 |a Plant ecology. 
260 0 3 |a Heidelberg, Germany:  |b Springer,  |c 2005. 
300 |a 702 páginas. 
583 |a last modification  |c 20170721 23:47:00  |k Rodrigo Vera 
650 0 |a Ecología vegetal   |9 264247 
650 0 |a Fisiología vegetal  |9 260158 
700 0 |a Beck, Erwin  |9 594003  |e author 
700 0 |a Muller-Hohenstein, Klaus  |9 594004  |e author  
942 |c BK  |2 ddc  |n 1 
945 |d 20170721 23:47:00  |a dcastane 
952 |0 0  |1 0  |2 ddc  |3 erb  |4 0  |6 581_700000000000000_SCH_2005  |7 0  |8 A  |9 484566  |a BIBCUR  |b BIBCUR  |i 5409152  |o 581.7 SCH 2005  |p 5409152  |r 2025-04-22  |t 1  |w 2019-11-24  |y BK  |z Catalogado en:20170721  |k BIO